PRINCIPLES OF ANATOMY & PHYSIOLOGY VOL.-1 (Record no. 1769)

MARC details
000 -LEADER
fixed length control field 00295nam a2200133Ia 4500
003 - CONTROL NUMBER IDENTIFIER
control field SGT
082 ## - DEWEY DECIMAL CLASSIFICATION NUMBER
Classification number 611
Item number P11T
100 ## - MAIN ENTRY--PERSONAL NAME
Personal name TORTORA, GERARD J.
245 ## - TITLE STATEMENT
Title PRINCIPLES OF ANATOMY & PHYSIOLOGY VOL.-1
260 ## - PUBLICATION, DISTRIBUTION, ETC. (IMPRINT)
Name of publisher, distributor, etc WILEY
Year of Publication 2011
300 ## - PAGE DESCRIPTION
No. of Pages 1-850
650 ## - SUBJECT ADDED ENTRY--TOPICAL TERM
Topical term or geographic name as entry element HUMAN ANATOMY
942 ## - ADDED ENTRY ELEMENTS (KOHA)
Source of classification or shelving scheme Dewey Decimal Classification
Koha item type Books
942 ## - ADDED ENTRY ELEMENTS (KOHA)
-- 4
Holdings
Withdrawn status Lost status Source of classification or shelving scheme Damaged status Not for loan Collection code Home library Current library Shelving location Date acquired Vendor Name SGTU Bill Number Total Checkouts Full call number Accession No. (Barcode) Date last seen Date last borrowed Bill Date Koha item type Total Renewals Checked out
    Dewey Decimal Classification     MEDICAL SGT Medical Library SGT Medical Library Reference Book 14/07/2014 ABC DELHI SGTU 4559 2 611 611 FM6016 23/10/2025 09/10/2025 14/07/2014 Books    
    Dewey Decimal Classification     MEDICAL SGT Medical Library SGT Medical Library Reference Book 14/07/2014 ABC DELHI SGTU 4559 4 611 611 FM6017 17/07/2023 17/07/2023 14/07/2014 Books    
    Dewey Decimal Classification     MEDICAL SGT Medical Library SGT Medical Library Reference Book 14/07/2014 ABC DELHI SGTU 4559 1 611 611 FM6018 22/11/2023 10/11/2023 14/07/2014 Books    
    Dewey Decimal Classification     MEDICAL SGT Medical Library SGT Medical Library Reference Book 14/07/2014 ABC DELHI SGTU 4559 6 611 611 FM6019 08/11/2025 08/11/2025 14/07/2014 Books 1 22/11/2025
    Dewey Decimal Classification   Not For Loan MEDICAL SGT Medical Library SGT Medical Library Reference Book 14/07/2014 ABC DELHI SGTU 4559   611 611 FM6020 08/01/2021   14/07/2014 Books